Bandeiras de Países com a Maior Quantidade de Laranja - Statistics

Estatísticas Gerais
  • Esse quiz foi jogado 9 892 vezes
  • A pontuação média é 8 de 10
Estatísticas das Respostas
Imagem Hint Resposta % Correto
33.3% Índia
99%
33.3% Irlanda
97%
8.67% Chipre
95%
40.7% Butão
92%
33.3% Costa do Marfim
90%
11.4% Sri Lanka
86%
38.5% Níger
76%
33.3% Armênia
74%
9.25% Zâmbia
66%
10.4% Ilhas Marshall
64%
Nenhum quiz correspondente encontrado
Distribuição das Pontuações
Porcentagem de Pessoas com Cada Pontuação
Percentil de Números Respondidos
Sua Pontuação Histórica
Você não jogou esse quiz